000 00537nam a2200193Ia 4500
005 20250508160734.0
008 008 250505s9999 xx 000 0 eng d
037 _aTextual
040 _aFEDL
_beng
_cFEDL
041 _aeng
_2eng
084 _a371.1, SYL
_qFEDL
100 _aSylwester Robert
_9765843
245 0 _aElementary teacher and pupil behavior
260 _aWest Nyack
_bParker Publishing Company
_c1971
300 _a215p.
650 _aTeacher
942 _cTEXL
_h371.1, SYL
999 _c1366337
_d1366337